Advertising (Record no. 2203)

MARC details
000 -LEADER
fixed length control field 00390nam a22001697a 4500
005 - DATE AND TIME OF LATEST TRANSACTION
control field 20160531093942.0
008 - FIXED-LENGTH DATA ELEMENTS--GENERAL INFORMATION
fixed length control field 160531b xxu||||| |||| 00| 0 eng d
020 ## - INTERNATIONAL STANDARD BOOK NUMBER
ISBN 81-259-1308-4
041 ## - LANGUAGE CODE
Language code of text/sound track or separate title eng
082 ## - DEWEY DECIMAL CLASSIFICATION NUMBER
Item number 6218
100 ## - MAIN ENTRY--AUTHOR NAME
Personal name Ahuja, B.N. and Chabara S.S
245 ## - TITLE STATEMENT
Title Advertising
260 ## - PUBLICATION, DISTRIBUTION, ETC. (IMPRINT)
Name of publisher Sujeet Publication
300 ## - PHYSICAL DESCRIPTION
Number of Pages 230
650 ## - SUBJECT ADDED ENTRY--TOPICAL TERM
Topical Term Management
942 ## - ADDED ENTRY ELEMENTS (KOHA)
Koha item type Books
Holdings
Lost status Damaged status Home library Date acquired Cost, normal purchase price Full call number Accession Number Koha item type
    JRU Library 31/05/2016 95.00 6218 6218 Books